| 000 | 00000nam 2200000za 4500 |
| 001 | 9.849794 |
| 003 | CaOODSP |
| 005 | 20221107154013 |
| 007 | cr ||||||||||| |
| 008 | 180110s1992 onc #os|||f|0| 0|eng d |
| 040 | |aCaOODSP|beng |
| 041 | |aeng|afre |
| 043 | |an-cn--- |
| 086 | 1 |aCS22-008/1992-PDF |
| 245 | 00|aPotato historical series |h[electronic resource] = |bSérie historique des pommes de terre. |
| 246 | 11|aSérie historique des pommes de terre |
| 260 | |a[Ottawa] : |bStatistics Canada, |c1992. |
| 300 | |a[40] p. |
| 500 | |aDigitized edition from print [produced by Statistics Canada]. |
| 500 | |a"November 1992." |
| 520 | |a"This publication presents a complete historical series of potato data as compiled by the Agriculture Division of Statistics Canada"--Introduction. |
| 546 | |aText in English and in French. |
| 692 | 07|2gccst|aAgriculture statistics |
| 692 | 07|2gccst|aPotatoes |
| 700 | 1 |aTrent, Michael. |
| 700 | 1 |aMcLaughlin, Barb. |
| 700 | 1 |aAlain, Bernadette. |
| 710 | 1 |aCanada. |bStatistics Canada. |bAgriculture Division. |
| 792 | |tPotato historical series |efre|w(CaOODSP)9.849796 |
| 856 | 40|qPDF|s13.07 MB|uhttps://publications.gc.ca/collections/collection_2018/statcan/CS22-008-1992.pdf |
| 986 | |a22-008 |